The technical college library; a primer for its development (Record no. 65891)
[ view plain ]
| 000 -LEADER | |
|---|---|
| fixed length control field | 00472 a2200145 4500 |
| 041 ## - LANGUAGE CODE | |
| Language code of text/sound track or separate title | Eng |
| 082 ## - DEWEY DECIMAL CLASSIFICATION NUMBER | |
| Classification number | 026.6 |
| Item number | T373 |
| 100 ## - MAIN ENTRY--PERSONAL NAME | |
| Personal name | Thompson, G. A. (ed) |
| 245 ## - TITLE STATEMENT | |
| Title | The technical college library; a primer for its development |
| 260 ## - PUBLICATION, DISTRIBUTION, ETC. | |
| Place of publication, distribution, etc. | London |
| Name of publisher, distributor, etc. | Andre Deuthsch |
| Date of publication, distribution, etc. | 1969 |
| 300 ## - PHYSICAL DESCRIPTION | |
| Extent | viii, 135p. |
| 650 ## - SUBJECT ADDED ENTRY--TOPICAL TERM | |
| Topical term or geographic name entry element | College libraries |
| -- | Technical libraries |
| -- | Library development |
| -- | Staffing |
| -- | Library finance |
| -- | Source of information |
| 653 ## - INDEX TERM--UNCONTROLLED | |
| Uncontrolled term | Library Science |
| 942 ## - ADDED ENTRY ELEMENTS (KOHA) | |
| Source of classification or shelving scheme | Dewey Decimal Classification |
| Koha item type | General Collections |
| Withdrawn status | Lost status | Source of classification or shelving scheme | Damaged status | Not for loan | Home library | Current library | Date acquired | Total Checkouts | Full call number | Barcode | Date last seen | Price effective from | Koha item type |
|---|---|---|---|---|---|---|---|---|---|---|---|---|---|
| Dewey Decimal Classification | Tribhuvan University Central Library | Tribhuvan University Central Library | 06/09/2013 | 026.6 T373 | 64859 | 06/09/2013 | 06/09/2013 | General Collections |
